Sazby míří dolu

Sadzby dane z príjmov právnických osôb v Európe a rozvinutých krajinách OECD pokračovali vo svojom dlhodobom poklese. Priemerné sadzby dane v krajinách OECD a EÚ. Dane z príjmu právnických osôb vo vybraných krajinách.

Salvato in:
Dettagli Bibliografici
Natura: Capitolo di libro
Lingua:ceco
Soggetti:
Tags: Aggiungi Tag
Nessun Tag, puoi essere il primo ad aggiungerne!!

MARC

LEADER 00000naa a2200000 4500
001 r041341
005 20231004065410.7
041 0 |a cze 
044 |a CZ 
245 1 0 |a Sazby míří dolu 
520 |a Sadzby dane z príjmov právnických osôb v Európe a rozvinutých krajinách OECD pokračovali vo svojom dlhodobom poklese. Priemerné sadzby dane v krajinách OECD a EÚ. Dane z príjmu právnických osôb vo vybraných krajinách. 
610 2 0 |a dane z príjmov 
610 2 0 |a osoby právnické 
610 2 0 |a Európska únia 
610 2 0 |a sadzby daňové 
610 2 0 |a OECD 
610 2 0 |a krajiny vyspelé